Les clubs de Ligue 1 saison 2023-2024 - Statistiques

Statistiques générales
  • Ce quiz a été pris 282 fois
  • Le résultat moyen est 16 sur 18
Statistiques - réponses
Équipes % Correct
Paris Saint-Germain
100%
Olympique de Marseille
99%
Olympique Lyonnais
98%
Lille
96%
AS Monaco
94%
FC Nantes
94%
Stade Rennais
94%
OGC Nice
93%
RC Lens
93%
Toulouse FC
93%
Stade Brestois 29
92%
RC Strasbourg
90%
Montpellier
88%
Clermont Foot 63
87%
FC Metz
85%
FC Lorient
83%
Stade de Reims
83%
Le Havre
82%
Aucun quiz correspondant
Distribution des résultats
% des personnes avec chaque résultat
Percentile par nombre de réponses
Votre historique - résultats
Vous n’avez pas pris ce quiz